Economics for todays world / (Registro nro. 5317)

Detalles MARC
000 -LEADER
fixed length control field 00955nam a2200241Ia 4500
003 - CONTROL NUMBER IDENTIFIER
control field OSt
005 - DATE AND TIME OF LATEST TRANSACTION
control field 20200527204612.0
008 - FIXED-LENGTH DATA ELEMENTS--GENERAL INFORMATION
fixed length control field 191128s2010 a ad fr 000 0dspa d
020 ## - INTERNATIONAL STANDARD BOOK NUMBER
International Standard Book Number 9780324782387
040 ## - CATALOGING SOURCE
Original cataloging agency CO-JMCR
Transcribing agency CO-JMCR
041 0# - LANGUAGE CODE
Language code of text/sound track or separate title eng
082 04 - DEWEY DECIMAL CLASSIFICATION NUMBER
Classification number 330 /
Item number T811e
Edition number 23
100 1# - MAIN ENTRY--PERSONAL NAME
Personal name Tucker, Irvin B,
Relator term autor
9 (RLIN) 4779
245 10 - TITLE STATEMENT
Title Economics for todays world /
Statement of responsibility, etc. Irvin B. Tucker
250 ## - EDITION STATEMENT
Edition statement Sexta edición
260 ## - PUBLICATION, DISTRIBUTION, ETC.
Place of publication, distribution, etc. Australia :
Name of publisher, distributor, etc. South-Western,
Date of publication, distribution, etc. 2010
300 ## - PHYSICAL DESCRIPTION
Extent xxxii, 845 páginas :
Other physical details Ilustraciones y gráficas a color ;
Dimensions 26 cm.
500 ## - GENERAL NOTE
General note Incluye datos bibliográficos del autor.
505 0# - FORMATTED CONTENTS NOTE
Formatted contents note Introduction to economics -- Microeconomic fundamentals -- Market structures -- Microeconomic policy issues --Macroeconomic fundamentals -- Macroeconomic theory and policy -- Money banking and monetary policy -- The international economy
546 ## - LANGUAGE NOTE
Language note Texto en Inglés
650 04 - SUBJECT ADDED ENTRY--TOPICAL TERM
Topical term or geographic name entry element Teoría económica
9 (RLIN) 1066
942 ## - ADDED ENTRY ELEMENTS (KOHA)
Source of classification or shelving scheme Dewey Decimal Classification
Koha item type Books
Existencias
Withdrawn status Lost status Source of classification or shelving scheme Damaged status Not for loan Collection code Home library Current library Date acquired Source of acquisition Cost, normal purchase price Total Checkouts Full call number Barcode Date last seen Copy number Koha item type
    Dewey Decimal Classification     Non-fiction Biblioteca Pública José María del Castillo y Rada Biblioteca Pública José María del Castillo y Rada 04/15/2018 Donación 0.00   330 / T811e 430001706 05/16/2024 Ej.1 Books